Science for tenth class / (Record no. 164087)

MARC details
000 -LEADER
fixed length control field 00441nam a22001697a 4500
005 - DATE AND TIME OF LATEST TRANSACTION
control field 20190509160654.0
010 ## - LCCN (DPL NO)
LC control number B-492830
020 ## - INTERNATIONAL STANDARD BOOK NUMBER
Terms of availability 50.00
035 ## - SYSTEM CONTROL NUMBER
System control number B-492830
037 ## - SOURCE OF ACQUISITION
Source of stock number/acquisition Neelam Publications
082 ## - DEWEY DECIMAL CLASSIFICATION NUMBER
Classification number 620.106
100 ## - MAIN ENTRY--PERSONAL NAME
Personal name Kundra, S.K
245 ## - TITLE STATEMENT
Title Science for tenth class /
Statement of responsibility, etc S.K Kundra
260 ## - PUBLICATION, DISTRIBUTION, ETC. (IMPRINT)
Place of publication, distribution, etc Delhi
Name of publisher, distributor, etc Neelam Publications
Date of publication, distribution, etc 1993
300 ## - PHYSICAL DESCRIPTION
Extent 225p
Dimensions 24cm (hbk)
942 ## - ADDED ENTRY ELEMENTS (KOHA)
Source of classification or shelving scheme Dewey Decimal Classification
Item type English Books
Classification part 620.106
Call number suffix KUN

No items available.


© Delhi Public Library
Hit Counter
free hit counter